[Event "GER Seniors Derby 05th"]
[Site "Wesel Undeloh"]
[Date "2006.04.22"]
[Round "6"]
[White "Rosskopf, Max"]
[Black "Sisic, Esad"]
[Result "1-0"]
[WhiteElo "1495"]
[BlackElo "1431"]
[PlyCount "61"]
[EventDate "2006.04.20"]
[EventType "swiss"]
[EventRounds "7"]
[EventCountry "GER"]
[SourceTitle "EXT 2007"]
[Source "ChessBase"]
[SourceDate "2006.11.23"]
[SourceVersion "1"]
[SourceVersionDate "2006.11.23"]
[SourceQuality "1"]

1. d4 d5 2. e4 dxe4 3. f3 exf3 4. Nxf3 Bf5 5. Bc4 e6 6. 0-0 h6 7. Ne5 Bd6 8. Nxf7 Kxf7 9. Rxf5+ Nf6 10. Rf2 c6 11. Qe2 Re8 12. Nc3 Qe7 13. Ne4 Bc7 14. Nxf6 gxf6 15. Bxh6 Rg8 16. Qh5+ Rg6 17. Raf1 Nd7 18. Re1 Nf8 19. Bxf8 Qxf8 20. Bxe6+ Kg7 21. Bf5 Rh6 22. Qg4+ Kh8 23. g3 Rd8 24. Rfe2 Bb6 25. c3 c5 26. Bd7 Qg7 27. Re8+ Rxe8 28. Rxe8+ Kh7 29. Bf5+ Rg6 30. Bxg6+ Qxg6 31. Rh8+ 1-0